ARrC Members - Statistics

General Stats
  • This quiz has been taken 12 times
  • The average score is 6 of 7
Answer Stats
Picture Answer % Correct
Hyunmin
100%
Rioto
100%
Choi Han
83%
Ziwoo
83%
Doha
67%
Jibeen
67%
Kien
67%
No matching quizzes found
Score Distribution
Percent of People with Each Score
Percentile by Number Answered
Your Score History
You have not taken this quiz